Professional ado .net (Record no. 170273)

000 -LEADER
fixed length control field 00322nam a2200121Ia 4500
008 - FIXED-LENGTH DATA ELEMENTS--GENERAL INFORMATION
fixed length control field 220217s9999||||xx |||||||||||||| ||und||
082 ## - DEWEY DECIMAL CLASSIFICATION NUMBER
Classification number 005.13 JOS
100 ## - MAIN ENTRY--PERSONAL NAME
Personal name Joshi, Bipin
9 (RLIN) 2924
245 #0 - TITLE STATEMENT
Title Professional ado .net
260 ## - PUBLICATION, DISTRIBUTION, ETC.
Place of publication, distribution, etc. SPD publications
Name of publisher, distributor, etc. Culcutha
Date of publication, distribution, etc. 2001
300 ## - PHYSICAL DESCRIPTION
Other physical details 500
650 ## - SUBJECT ADDED ENTRY--TOPICAL TERM
Topical term or geographic name entry element PROGRAMMING LANGUAGE
Holdings
Withdrawn status Lost status Damaged status Not for loan Collection code Home library Current library Shelving location Date acquired Full call number Barcode Date last seen Price effective from Koha item type
        Computer Science and Engineering Central Library Central Library Reference 02/18/2022 005.13 JOS 5462 02/18/2022 02/18/2022 Books

Powered by Koha